| 000 | 00492ncm a2200157 a 4500 | ||
|---|---|---|---|
| 020 | _a0195472516 (hb) | ||
| 082 |
_a297 _bSAM _cN01,P164 |
||
| 245 | 1 |
_aIslam in the European Union : _bTransnationalism, Youth and the War on Terror |
|
| 260 |
_aKarachi : _bOxford University Press , _c2007 |
||
| 300 | _a251p. | ||
| 526 |
_a0 _b0 _c0 _d297_000000000000000_SAM |
||
| 650 |
_aIslam -- Europe _937267 |
||
| 700 |
_aKasturi Sen (ed.) _937268 |
||
| 700 |
_aYunas Samad (ed.) _937269 |
||
| 942 |
_2ddc _cBK |
||
| 999 |
_c542178 _d542178 |
||